000 00435pab a2200157 454500
008 180718b1997 xxu||||| |||| 00| 0 eng d
100 _aFrankenhorst, Roland Von
245 _aTax reforms in Latin America: progress for many, but not for the poor
260 _c1997
300 _ap.12-13
362 _aMay-Jun
650 _aTaxation - Latin America
650 _aTaxation
773 _aDevelopment and Cooperation
909 _a33793
999 _c33793
_d33793